000 00594cam a22002053a 4500
001 43970
003 PGUSA
005 20140828084012.0
008 131017s2013||||xxu|||||s|||||000 | eng d
040 _aPGUSA
_beng
042 _adc
100 1 _aDow, George Francis
245 1 0 _aEvery Day Life in the Massachusetts Bay Colony
_h[electronic resource] /
_cGeorge Francis Dow
260 _bProject Gutenberg,
_c2013
506 _aPublic domain in the USA.
516 _aElectronic text
830 0 _aProject Gutenberg
_v43970
856 4 0 _uhttp://www.gutenberg.org/ebooks/43970
942 _cEB
999 _c273221
_d273221